Fool's paradise /

Bibliographic Details
Main Author: Gierach, John, 1946-
Other Authors: Wolff, Glenn (Illustrator)
Format: Book
Language:English
Published: New York : Simon & Schuster, 2008.
Subjects:
Online Access:Table of contents only
Publisher description

MARC

Tag First Indicator Second Indicator Subfields
LEADER 00000cam a22000004a 4500
001 in00002394889
005 20151109064859.0
008 070613s2008 nyua 000 0 eng
010 |a  2007024651 
020 |a 9780743291736 
020 |a 0743291735 
029 1 |a AU@  |b 000041735559 
035 |a (OCoLC)ocn144570964 
035 |a (OCoLC)144570964 
040 |a DLC  |c DLC  |d YDX  |d BAKER  |d BTCTA  |d YDXCP  |d ZS3  |d OCLCG  |d UtOrBLW 
042 |a pcc 
049 |a TXAM 
050 0 0 |a SH456  |b .G575 2008 
082 0 0 |a 799.12/4  |2 22 
100 1 |a Gierach, John,  |d 1946- 
245 1 0 |a Fool's paradise /  |c John Gierach ; illustrated by Glen Wolff. 
264 1 |a New York :  |b Simon & Schuster,  |c 2008. 
300 |a 211 pages :  |b illustrations ;  |c 22 cm. 
336 |a text  |b txt  |2 rdacontent 
337 |a unmediated  |b n  |2 rdamedia 
338 |a volume  |b nc  |2 rdacarrier 
650 0 |a Fly fishing  |v Anecdotes. 
600 1 0 |a Gierach, John,  |d 1946- 
700 1 |a Wolff, Glenn,  |e illustrator. 
856 4 1 |3 Table of contents only  |u http://www.loc.gov/catdir/toc/ecip0720/2007024651.html  |t 0 
856 4 2 |3 Publisher description  |u http://www.loc.gov/catdir/enhancements/fy0826/2007024651-d.html  |t 0 
938 |a Baker & Taylor  |b BKTY  |c 24.00  |d 18.00  |i 0743291735  |n 0007375123  |s active 
938 |a Baker and Taylor  |b BTCP  |n BK0007375123 
938 |a YBP Library Services  |b YANK  |n 2717222 
945 |a PromptCat  |b 436945 
946 |a stk 
947 |a A14836801538 
994 |a 92  |b TXA 
948 |a cataloged  |b h  |c 2008/6/18  |d c  |e asalazar  |f 2:10:02 pm 
999 |a MARS 
999 f f |s fa3f2629-7322-37b0-894e-b0804a6c6fd5  |i f5cb2f1a-bdd2-3532-ae80-6c2a878836b4  |t 0 
952 f f |p normal  |a Texas A&M University  |b College Station  |c Sterling C. Evans Library  |d Evans: Library Stacks  |t 0  |e SH456 .G575 2008  |h Library of Congress classification  |i unmediated -- volume  |m A14836801538 
998 f f |a SH456 .G575 2008  |t 0  |l Evans: Library Stacks